| 000 | 00434nam a2200181Ia 4500 | ||
|---|---|---|---|
| 001 | 16404 | ||
| 005 | 20260306170307.0 | ||
| 008 | 260306t1996||||xx |||||||||||||| ||und|| | ||
| 041 | _aESP | ||
| 082 |
_a348.57 _bS52 |
||
| 100 |
_aSierralta Ríos, Aníbal _eAUT |
||
| 245 | 0 | _aIntroducción a la juseconomía | |
| 260 | _c1996 | ||
| 300 |
_a405 páginas : _c21 cm. |
||
| 650 | _aGEN | ||
| 654 | _aCDE | ||
| 942 |
_cLIB _dJUS _fJUS _2ddc _n |
||
| 999 |
_c16404 _d16404 |
||